Paroles : Coup de Blues / Soleil - Bigflo et Oli - Statistiques

Statistiques générales
  • Ce quiz a été pris 37 fois
  • Le résultat moyen est 352 sur 592
Statistiques - réponses
paroles % Correct
de
100%
un
96%
Un
96%
un,
96%
Coup
92%
coup
92%
J'ai
88%
j'ai
88%
ou
85%
à
77%
a
77%
À
77%
et
77%
Et
77%
Je
77%
je
77%
pas
77%
su
77%
ces
73%
c'est
73%
C'est
73%
dans
73%
d'blues
73%
d'soleil
73%
il
73%
la
73%
La
73%
le
73%
Le
73%
les
73%
Les
73%
ma
73%
Mais
73%
mais
73%
me
73%
ne
73%
que
73%
soleil,
73%
vie
73%
chaud
69%
fait
69%
on
69%
sais,
69%
beau
65%
est
65%
met
65%
mon
65%
Ok,
65%
ok,
65%
ok
65%
qui
65%
se
65%
angoisses
62%
au
62%
Au
62%
ça
62%
Des
62%
des
62%
l'été,
62%
mes
62%
peur
62%
pris
62%
quand
62%
Quand
62%
sur
62%
très
62%
avoir
58%
du
58%
Faudrait
58%
haut
58%
j'arrête,
58%
j'arrête
58%
meilleures
58%
météo
58%
plus
58%
Plus
58%
profité
58%
questions
58%
tête
58%
toujours
58%
trouve
58%
Une
58%
une
58%
assez
54%
Comme
54%
comme
54%
confiture
54%
côté
54%
dansent,
54%
dansent
54%
discussions
54%
Dis-moi
54%
Dis-moi,
54%
en
54%
faire
54%
faire,
54%
parapluie ?
54%
parasol
54%
pour
54%
Pour
54%
quoi
54%
si
54%
tartine
54%
tombe
54%
va
54%
ai
50%
ambiance
50%
barre,
50%
continue
50%
cruelle,
50%
dépendent
50%
d'pas
50%
fond,
50%
jamais
50%
j'en
50%
moi ?
50%
moi,
50%
ouais,
50%
pression
50%
seul
50%
sont
50%
Souvent,
50%
terminées,
50%
Tu
50%
chaque
46%
cocktail ?
46%
demande
46%
fois
46%
j'me
46%
J'suis
46%
j'suis
46%
nuit
46%
part
46%
pleuvoir
46%
problèmes,
46%
problèmes
46%
qu'j'suis
46%
tas,
46%
choix
42%
citronnade
42%
déclin
42%
l'fond
42%
m'met
42%
monticules
42%
ordinateur
42%
p't-être
42%
répètent
42%
transat ?
42%
trop
42%
Trop
42%
veux
42%
vieux
42%
vois,
42%
vois
42%
Après
38%
arrêter,
38%
cercle
38%
commissures ?
38%
c'que
38%
d'amis
38%
dur
38%
honnête
38%
inconnus
38%
j'fais
38%
j'pense
38%
p'tit
38%
qu'y
38%
temps
38%
tout
38%
ville
38%
Combien
35%
combien
35%
configure
35%
début
35%
d'rencontres
35%
d'une
35%
hein,
35%
jour,
35%
J'vais
35%
l'temps,
35%
mois
35%
moments-là,
35%
pourquoi
35%
simule ?
35%
tard
35%
vient
35%
crois
31%
Est-ce
31%
est-ce
31%
grand
31%
J'crois
31%
monde
31%
nos
31%
qu'j'vais
31%
trottoir
31%
fier
27%
J'veux
27%
rond
27%
sablier
27%
tourner
27%
tous
27%
tremper
27%
file
23%
laisse
23%
Miami
23%
milieu
23%
plaisirs,
23%
questionnements
23%
remettre
23%
sable
23%
Silence,
23%
terre
23%
thérapie
23%
aller
19%
apparences
19%
balance
19%
chance
19%
esclaves
19%
j'aurai
19%
mots
19%
Palavas
19%
plage
19%
pourrir
19%
prendre
19%
prennent
19%
raison
19%
vacances ?
19%
viennent
19%
fantasmes
15%
fresques
15%
Galilée
15%
gens,
15%
J'déteste
15%
j'entasse
15%
m'regarde
15%
passer
15%
proche
15%
puis,
15%
d'ces
12%
J'm'entête
12%
m'ennuie
12%
m'placer
12%
tellement,
12%
l'après-m'
8%
nan
8%
Nan,
8%
Aucun quiz correspondant
Distribution des résultats
% des personnes avec chaque résultat
Percentile par nombre de réponses
Votre historique - résultats
Vous n’avez pas pris ce quiz